Statistiken für Wortreihen Hamburger Bahnhöfe

Klicken Sie hier um das Quiz zu spielen!

Allgemein

  • Dieses Quiz wurde 17 mal gespielt
  • Das Durchschnittsergebnis liegt bei 3 aus 27

Antwortstatistiken

Bahnhof% Korrekt
Eppendorfer Baum
40%
-Heimfeld
40%
-Allermöhe
27%
Mundsburg
27%
Baumwall
20%
-Klosterstern
20%
-Sternschanze
20%
-Aumühle
13%
Neukloster
13%
Veddel
13%
-Wedel
13%
-Alveslohe
7%
-Burgwedel
7%
-Ellerau
7%
-Legienstraße
7%
-Stade
7%
Ahrensburg Ost
0%
-Dehnhaide
0%
-Elmshorn
0%
Hagendeel
0%
-Hallerstraße
0%
-Henstedt Ulzburg
0%
-Horner Rennbahn
0%
Kiwittsmoor
0%
-Moorbekhalle
0%
Neuwiedenthal
0%
-Rauhes Haus
0%

Verteilung der Resultate

Perzentil nach korrekt beantworteten Fragen

Anzahl Personen mit jedem Resultat

Ihre Resultats-Entwicklung

Sie haben dieses Quiz noch nicht gespielt